| 000 | 00343cam a2200145ua 4500 | ||
|---|---|---|---|
| 003 | OSt | ||
| 008 | 231113b |||||||| |||| 00| 0 eng d | ||
| 041 | _aeng | ||
| 082 |
_a823.308 _bBAR/FA |
||
| 100 |
_aBarne, Kitty . _95577 |
||
| 245 | _aFamilly footlights / | ||
| 260 |
_a : _bdent prnnat books , _c1963. |
||
| 300 | _a244 ; . | ||
| 942 | _cBK | ||
| 999 |
_c11828 _d11828 |
||